000 00418nam a22001577a 4500
020 _a0 631 14170 7
082 _a330.0182CAR
100 _aCarter, C.F.
245 _aUncertainty and expectations in economics
260 _aBritain
_bBlackwell
_c1972
300 _aix,299p
_bill,:25cm
500 _aIncludes Bibliography
650 _aUncertainty and expectations in economics
700 _aFord, J.L.
942 _cBK
999 _c14207
_d14207